000 00899nam a2200253 a 4500
001 67981
003 BD-RjUL
005 20211209081722.0
008 170329s1963 enka 000 0 eng
035 _a(BD-RjUL)68190
035 _a(OCoLC)2554042
040 _aDLC
_cOTU
_dBD-RjUL
_dDLC
_beng
041 _aeng
082 _a660.28427
_223
_bCHH 1963
100 1 _aChechetkin, Aleksandr Vasil'evich.
_9201497
245 1 0 _aHigh temperature heat carriers /
_cA. V. Chechetkin,Translated from the Russian by Frank L. Sinclair. Translation editor: H. G. Rhoden.
260 _a[Oxford,
_bPergamon Press,
_bdistributed in the Western Hemisphere by] Macmillan,
_aNew York :
_cc1963.
300 _axii, 307 p. :
_bill. ;
_c22 cm.
650 0 _aHeat
_xTransmission.
_9159949
700 _aSinclair, Frank L.
_9201498
700 _aRhoden, H. G.
_9201498
942 _2ddc
_cBK
999 _c67981
_d67981